Manchester United Fifa 23 Ratings - Statistics

General Stats
  • This quiz has been taken 464 times
  • The average score is 11 of 26
Answer Stats
Position Fifa 22 Fifa 23 Player % Correct
CDM 89 89 Casemiro
99%
GK 84 87 David de Gea
99%
CAM 88 86 Bruno Fernandes
97%
ST 91 90 Cristiano Ronaldo
96%
CB 86 84 Raphael Varane
88%
LW 87 84 Jadon Sancho
85%
LW 85 81 Marcus Rashford
81%
RW 79 82 Antony
73%
LB 84 80 Luke Shaw
72%
CB 84 81 Harry Maguire
66%
CM 82 82 Christian Eriksen
60%
CM 81 80 Fred
30%
GK 76 73 Tom Heaton
19%
CB 79 81 Lisandro Martinez
16%
ST 81 80 Anthony Martial
13%
CDM 80 80 Scott McTominay
13%
RB 83 80 Aaron Wan-Bissaka
11%
CB 80 80 Victor Lindelof
9%
RB 76 78 Diogo Dalot
8%
CM 81 79 Donny van de Beek
8%
CB 74 73 Phil Jones
8%
RW 65 74 Anthony Elanga
7%
LB 77 79 Tyrell Malacia
7%
LB 75 73 Brandon Williams
4%
CB 74 74 Axel Tuanzebe
2%
RM 70 70 Facundo Pellistri
2%
No matching quizzes found
Score Distribution
Percent of People with Each Score
Percentile by Number Answered
Your Score History
You have not taken this quiz